000 005770000a22001810004500
003 MACL
005 20160206120112.0
008 160206b xxu||||| |||| 00| 0 eng d
040 _aMACL
_cMACL
041 _aSanskrit
082 _a100
100 _aपरिहार श्री पत्रालाल
_937061
245 _aवेद मेंद अघ्‍यात्‍म विघा
260 _bसस्‍ंकृति स्‍ंस्‍थान
_c1975
_aबरेली
350 _a6.50
650 _aPhilosophy
_937062
942 _cHIN
_k100
_2ddc
999 _c26882
_d26882